Multicast communication : protocols and applications

Αποθηκεύτηκε σε:
Λεπτομέρειες βιβλιογραφικής εγγραφής
Κύριοι συγγραφείς: Wittmann, Ralph, Zitterbart, Martina (Συγγραφέας)
Μορφή: Βιβλίο
Γλώσσα:English
German
Δημοσίευση: San Francisco : Morgan Kaufmann, c2001.
Σειρά:Morgan Kaufmann series in networking
Θέματα:
Ετικέτες: Προσθήκη ετικέτας
Δεν υπάρχουν, Καταχωρήστε ετικέτα πρώτοι!

MARC

LEADER 00000cam a2200000 i 4500
001 1/18116
008 010307s2001 us | ||| |||| ||eng||
020 |a 1558606459 (hbk.)  
035 |l 10066380 
040 |a GR-MyUA  |b gre  |e AACR2 
041 1 |a eng  |h ger 
082 0 |a 004.66 
100 1 |a Wittmann, Ralph. 
245 1 0 |a Multicast communication :   |b protocols and applications /   |c Ralph Wittmann, Martina Zitterbart.  
260 |a San Francisco :   |b Morgan Kaufmann,   |c c2001.  
300 |a xvii, 350 σ. :   |b εικ. ;   |c 25 εκ.  
490 1 |a (Morgan Kaufmann series in networking)  
500 |a Τίτλος πρωτοτύπου: Protocol le und Anwendungen.  
504 |a Περιέχει βιβλιογραφικές αναφορές και ευρετήριο.  
650 0 0 |a Multicasting (computer networks) 
650 0 0 |a Internet. 
650 0 0 |a Computer networks. 
700 1 |a Zitterbart, Martina,  |e aut 
830 0 |a Morgan Kaufmann series in networking 
852 |a INST  |b CHIOS  |e 20010307  |h 004.66 WIT  |p 005200021601  |q 005200021601  |t BK  |y 0 
852 |a INST  |b SAMOS  |e 20040211  |h 004.66 WIT  |p 005300023469  |q 005300023469  |t BK  |y 0 
901 |a BIBL3-2004-1 
901 |a BIBL2-2001-1 
909 |a Σ  |b 107227 
909 |a Χ  |b 083335 
922 |a 3ΕΛΗ  |b 200002  |c ΤΠΕΣ/ΠΟΛ  |d LEADER 
970 |a ΣΑΛΑΜΟΥΡΑ  |b ΜΑΡΙΑ  |z 2001/03/07